000 00480nam a2200169 i 4500
001 81476
003 ES-MaACL
005 20230906174438.0
007 t|
008 041104s1963 sp ||||1| spa d
100 1 _aHurkos, Peter.
_964767
245 1 0 _aPsique /
_cPeter Hurkos ; [versión española de María Díaz].
260 _aBarcelona :
_bLuis de Caralt,
_c[1963]
300 _a204 p. ;
_c22 cm.
700 1 _aDíaz, María.
_944147
852 _aES-MaACL
_jC-23402
_bR.52042
999 _c81476
_d81476